书目信息 |
| 题名: |
孟子
|
|
| 作者: | 孟子 著 ;木目 编著 | |
| 分册: | ||
| 出版信息: | 长春 吉林文史出版社 2017 |
|
| 页数: | 480页 | |
| 开本: | 22cm | |
| 丛书名: | 中国文化文学经典文丛 | |
| 单 册: | ||
| 中图分类: | B222.54 | |
| 科图分类: | ||
| 主题词: | 儒家 | |
| 电子资源: | ||
| ISBN: | 978-7-5472-3025-1 | |
| 000 | 00827oam2 2200277 450 | |
| 001 | 2338481451 | |
| 005 | 20231117154058.23 | |
| 010 | @a978-7-5472-3025-1@dCNY78.00 | |
| 100 | @a20181129d2017 em y0chiy50 ea | |
| 101 | 0 | @achi |
| 102 | @aCN@b220000 | |
| 105 | @ay z 000yy | |
| 200 | 1 | @a孟子@Ameng zi@f(战国)孟子著@g木目编著 |
| 210 | @a长春@c吉林文史出版社@d2017 | |
| 215 | @a480页@d22cm | |
| 225 | 2 | @a中国文化文学经典文丛@f孙建军主编 |
| 330 | @a本书记载了孟子及其弟子的政治、教育、哲学、伦理等思想观点和政治活动。 | |
| 410 | 0 | @12001 @a中国文化文学经典文丛 |
| 500 | 10 | @a孟子@9meng zi |
| 605 | @a《孟子》@x译文 | |
| 606 | 0 | @a儒家 |
| 690 | @aB222.54@v5 | |
| 701 | 0 | @c(战国)@a孟子@Ameng zi@f(前372?~前289)@4著 |
| 702 | 0 | @a木目@Amu mu@4编著 |
| 801 | 0 | @aCN@b91MARC@c20181129 |
| 905 | @aZUCC@dB222.54@e10 | |
| 孟子/(战国)孟子著/木目编著.-长春:吉林文史出版社,2017 |
| 480页;22cm.-(中国文化文学经典文丛/孙建军主编) |
| ISBN 978-7-5472-3025-1:CNY78.00 |
| 本书记载了孟子及其弟子的政治、教育、哲学、伦理等思想观点和政治活动。 |
| ● |
| 相关链接 |
|
|
|
正题名:孟子
索取号:B222.54/10
 
预约/预借
| 序号 | 登录号 | 条形码 | 馆藏地/架位号 | 状态 | 备注 |
| 1 | 2001001933 | 2001001933 | 辽宁一、悦读混合/辽宁北配(第三批)/辽批76/ [索取号:B222.54/10] | 在馆 | |
| 2 | 2001001934 | 2001001934 | 辽宁一、悦读混合/辽宁北配(第三批)/辽批76/ [索取号:B222.54/10] | 在馆 | |
| 3 | 2001001935 | 2001001935 | 辽宁一、悦读混合/辽宁北配(第三批)/辽批76/ [索取号:B222.54/10] | 在馆 | |
| 4 | 2001001936 | 2001001936 | 辽宁一、悦读混合/辽宁北配(第三批)/辽批76/ [索取号:B222.54/10] | 在馆 | |
| 5 | 2001001937 | 2001001937 | 辽宁一、悦读混合/辽宁北配(第三批)/辽批76/ [索取号:B222.54/10] | 在馆 | |
| 6 | 2001001938 | 2001001938 | 辽宁一、悦读混合/辽宁北配(第三批)/辽批76/ [索取号:B222.54/10] | 在馆 |